Estadísticas para Nombra las banderas con gatos

Haz click aquí para intentar la prueba.

Estadísticas generales

  • Esta prueba ha sido intentada 1.588 veces
  • La puntuación promedio es 10 de 12

Estadísticas de respuestas

Respuesta% Correcto
Japón
94%
San Marino
92%
Chipre
91%
Sri Lanka
90%
Uganda
90%
Bangladés
88%
Bután
86%
Gales
86%
Liechtenstein
84%
Antigua y Barbuda
79%
Dominica
75%
Kiribati
73%

Distribución de puntuación

Porcentaje por número respondido

Porcentaje de gente con cada puntuación

Historial de tus puntuaciones

No has intentado esta prueba.